000 00994nam a22002657a 4500
001 BD-DhSAU
003 BD-DhSAU
005 20250218110143.0
008 150420b2005 bg ||||| m||| 00| 0 eng d
040 _aBD-DhSAU
082 _222
_a630
_bN1452
100 _aAKTER, NAJNIN
_eRegistration No. # 21010109
245 _aGrowth and yield response of brri dhan34 affected by seedling height and plant spacing /
_bMS thesis
260 _aSher-e-Bangla Agricultural University:
_bDepartment of Agronomy,
_c2023.
300 _avii, 80p. ;
_c30 cm.
500 _aMS thesis of Department of Agronomy , Faculty of Agriculture , Sher-e-Bangla Agricultural University, Dhaka, Bangladesh
504 _aIncludes bibliographical reference.
590 _aNazmul
650 _abrri dhan34
651 _aseedling height and plant spacing
700 _aProf. Dr. Md. Fazlul Karim
_eSuperviser
700 _aProf. Dr. Md. Shahidul Islam
_eCo-superviser
942 _2ddc
_cTHESIS
999 _c17849
_d17848